000 00840nam a2200193 a 4500
008 120416s1983 ||||||||||||||||| || u
020 _a0471095923
050 _aTH 7413 Pla
100 _aPlante, Russell H. (Russell Howard), 1947-
245 1 0 _aSolar domestic hot water: a practical guide to installation and understanding
260 _aNew York:
_bJohn Wiley and Sons
_c1983
300 _axvii, 332p.: ill.
350 _a0.00
500 _aIncludes index.
650 _aSOLAR WATER HEATERS
650 _aSOLAR HEATING
995 _aANNEX COLLECTION (Main Library)
_D0.00
_e713859
_FCBU-MAIN LIBRARY (Kitwe)
_H2
_I27.95
_jTH 7413 Pla
_UAVAILABLE
_y016345
_ZAnnex Low-Usage Collection
995 _aANNEX COLLECTION (Main Library)
_D0.00
_e713858
_FCBU-MAIN LIBRARY (Kitwe)
_H1
_I27.95
_jTH 7413 Pla
_UAVAILABLE
_y016346
_ZAnnex Low-Usage Collection
999 _c76643
_d76643